<?xml version="1.0" encoding="UTF-8"?>
<record
    xmlns:xsi="http://www.w3.org/2001/XMLSchema-instance"
    xsi:schemaLocation="http://www.loc.gov/MARC21/slim http://www.loc.gov/standards/marcxml/schema/MARC21slim.xsd"
    xmlns="http://www.loc.gov/MARC21/slim">

  <leader>03161nam a2200553Ia 4500</leader>
  <controlfield tag="001">5039</controlfield>
  <controlfield tag="008">241029s9999    xx            000 0 und d</controlfield>
  <datafield tag="010" ind1=" " ind2=" ">
    <subfield code="a">4767</subfield>
  </datafield>
  <datafield tag="041" ind1=" " ind2=" ">
    <subfield code="a">Espa&#xF1;ol</subfield>
  </datafield>
  <datafield tag="082" ind1=" " ind2=" ">
    <subfield code="a">ED750</subfield>
  </datafield>
  <datafield tag="245" ind1=" " ind2="0">
    <subfield code="a">Actitud de los estudiantes ante la lectura de textos literarios.</subfield>
  </datafield>
  <datafield tag="260" ind1=" " ind2=" ">
    <subfield code="a">Santo Domingo</subfield>
  </datafield>
  <datafield tag="300" ind1=" " ind2=" ">
    <subfield code="a">66</subfield>
  </datafield>
  <datafield tag="520" ind1=" " ind2=" ">
    <subfield code="a">49</subfield>
  </datafield>
  <datafield tag="630" ind1=" " ind2=" ">
    <subfield code="a">Actitud de los Estudiantes</subfield>
  </datafield>
  <datafield tag="630" ind1=" " ind2=" ">
    <subfield code="a">Actitudes</subfield>
  </datafield>
  <datafield tag="630" ind1=" " ind2=" ">
    <subfield code="a">Estudiantes</subfield>
  </datafield>
  <datafield tag="630" ind1=" " ind2=" ">
    <subfield code="a">Nivel Medio</subfield>
  </datafield>
  <datafield tag="650" ind1=" " ind2=" ">
    <subfield code="a">Educaci&#xF3;n</subfield>
  </datafield>
  <datafield tag="690" ind1=" " ind2=" ">
    <subfield code="a">Sintetizado</subfield>
  </datafield>
  <datafield tag="700" ind1=" " ind2=" ">
    <subfield code="e">asesor</subfield>
    <subfield code="a">Ubiera , Julia Margarita </subfield>
  </datafield>
  <datafield tag="700" ind1=" " ind2=" ">
    <subfield code="e">autor</subfield>
    <subfield code="a">Beras Amparo, Vicente </subfield>
  </datafield>
  <datafield tag="901" ind1=" " ind2=" ">
    <subfield code="a">{"1":"Beras Amparo"}</subfield>
    <subfield code="b">{"1":"Vicente "}</subfield>
  </datafield>
  <datafield tag="902" ind1=" " ind2=" ">
    <subfield code="a">1</subfield>
  </datafield>
  <datafield tag="903" ind1=" " ind2=" ">
    <subfield code="a">{"1":"Ubiera "}</subfield>
    <subfield code="b">{"1":"Julia Margarita "}</subfield>
  </datafield>
  <datafield tag="904" ind1=" " ind2=" ">
    <subfield code="a">Mag&#xED;ster en</subfield>
  </datafield>
  <datafield tag="905" ind1=" " ind2=" ">
    <subfield code="a">Ciencias de la Educaci&#xF3;n</subfield>
  </datafield>
  <datafield tag="906" ind1=" " ind2=" ">
    <subfield code="a">2</subfield>
  </datafield>
  <datafield tag="907" ind1=" " ind2=" ">
    <subfield code="a">NO APLICA</subfield>
  </datafield>
  <datafield tag="908" ind1=" " ind2=" ">
    <subfield code="a">NO APLICA</subfield>
  </datafield>
  <datafield tag="909" ind1=" " ind2=" ">
    <subfield code="a">Universidad Tecnol&#xF3;gica de Santiago (UTESA), Campus II M&#xE1;ximo G&#xF3;mez</subfield>
  </datafield>
  <datafield tag="910" ind1=" " ind2=" ">
    <subfield code="a">NULL</subfield>
    <subfield code="b">NULL</subfield>
  </datafield>
  <datafield tag="911" ind1=" " ind2=" ">
    <subfield code="a">["1"]</subfield>
  </datafield>
  <datafield tag="912" ind1=" " ind2=" ">
    <subfield code="a">NO APLICA</subfield>
  </datafield>
  <datafield tag="913" ind1=" " ind2=" ">
    <subfield code="a">NULL</subfield>
  </datafield>
  <datafield tag="914" ind1=" " ind2=" ">
    <subfield code="a">01 de Enero de 2016</subfield>
  </datafield>
  <datafield tag="915" ind1=" " ind2=" ">
    <subfield code="a">31/10/19 02:10</subfield>
  </datafield>
  <datafield tag="916" ind1=" " ind2=" ">
    <subfield code="a">NULL</subfield>
  </datafield>
  <datafield tag="917" ind1=" " ind2=" ">
    <subfield code="a">NULL</subfield>
  </datafield>
  <datafield tag="918" ind1=" " ind2=" ">
    <subfield code="a">NO APLICA</subfield>
  </datafield>
  <datafield tag="919" ind1=" " ind2=" ">
    <subfield code="a">["5","6","96","240"]</subfield>
  </datafield>
  <datafield tag="520" ind1=" " ind2=" ">
    <subfield code="a">La investigaci&#xF3;n estuvo orientada a determinar qu&#xE9; actitud presentan los estudiantes de cuarto de bachillerato de un liceo provincial de jornada extendida ante la lectura de textos literarios. La investigaci&#xF3;n se justifica en la relevancia que tiene la lectura de textos literarios en el proceso de formaci&#xF3;n de los individuos, en la necesidad de investigar un tema como la actitud ante la lectura de j&#xF3;venes residentes de liceos como el elegido y se fundamenta en las teor&#xED;as relevantes estudiosos como E. Freire, M. Wolf, K. Goodman y D. Rosenblatt, as&#xED; como teor&#xED;as cl&#xE1;sicas del tema en el contexto acad&#xE9;mico, psicol&#xF3;gico y social. &#xA0;Los resultados se obtuvieron y analizaron mediante las t&#xE9;cnicas, m&#xE9;todos e instrumentos atinentes a una investigaci&#xF3;n como la planteada y se interpretaron a fin de extraer las conclusiones pertinentes para recomendar las mejores soluciones. Los resultados muestran el problema de una actitud de rechazo ante la lectura de textos literarios, evidenci&#xE1;ndose ello en indicadores como el alto porcentaje de estudiantes que indic&#xF3; claramente no gustarle leer; otros indicadores fueron la ausencia casi total de lectura durante el tiempo fuera de las aulas y la preferencia por pasatiempos como el uso de las redes sociales. &#xA0;&#xA0;Se concluye estableciendo una actitud de amplio rechazo a la lectura de parte de los j&#xF3;venes de la poblaci&#xF3;n delimitada y se descubre que las estrategias de Estado para lograr una cultura lectora entre el estudiantado, el papel de los organismos intermedios, as&#xED; como de los actores m&#xE1;s cercanos (profesores y padres), han fallado en propiciar un ambiente en que los j&#xF3;venes entiendan la lectura como un valor esencial en su desarrollo, tanto a nivel personal como en las metas f&#xED;sicas de su vida.</subfield>
  </datafield>
  <datafield tag="921" ind1=" " ind2=" ">
    <subfield code="a">50</subfield>
  </datafield>
  <datafield tag="922" ind1=" " ind2=" ">
    <subfield code="a">50</subfield>
  </datafield>
  <datafield tag="923" ind1=" " ind2=" ">
    <subfield code="a">0</subfield>
  </datafield>
  <datafield tag="924" ind1=" " ind2=" ">
    <subfield code="a">NO APLICA</subfield>
  </datafield>
  <datafield tag="942" ind1=" " ind2=" ">
    <subfield code="c">Tesis</subfield>
  </datafield>
  <datafield tag="999" ind1=" " ind2=" ">
    <subfield code="c">4767</subfield>
    <subfield code="d">4767</subfield>
  </datafield>
</record>
